Cuộc sống phụ nữ đơn thân ở Việt Nam

Guardat en:
Dades bibliogràfiques
Autor principal: LÊ THI
Format: Llibre
Idioma:Undetermined
Publicat: KHXH 2002
Etiquetes: Afegir etiqueta
Sense etiquetes, Sigues el primer a etiquetar aquest registre!
Thư viện lưu trữ: Trung tâm Học liệu Trường Đại học Cần Thơ
LEADER 00401nam a2200145Ia 4500
001 CTU_49917
008 210402s9999 xx 000 0 und d
082 |a 305.42 
082 |b Th300 
100 |a LÊ THI 
245 0 |a Cuộc sống phụ nữ đơn thân ở Việt Nam 
245 0 |c LÊ THI 
260 |b KHXH 
260 |c 2002 
980 |a Trung tâm Học liệu Trường Đại học Cần Thơ